000 00513nam a2200193 a 4500
001 1769942616233
003 YourLibrary
005 20260201163956.0
008 260201s1995##################000#0#eng##
020 _a9781852788278
082 0 4 _a305.26021
_bCRE
100 1 _aCreedy, John,
_eauthor.
245 1 0 _aThe Economics of Ageing :
260 _bEdward Elgar Publishing,
_c1995.
300 _a664 pages
650 0 _aBusiness & Economics.
942 _cENGLISH
040 _aYourLibrary
_beng
_cYourLibrary
999 _c609866
_d609866